Drapeaux des préfectures du Japon - Statistiques

Statistiques générales
  • Ce quiz a été pris 143 fois
  • Le résultat moyen est 28 sur 47
Statistiques - réponses
Par images Réponse % Correct
Tokyo
85%
Hokkaido
80%
Kyoto
74%
Saitama
72%
Chiba
70%
Fukushima
67%
Okinawa
67%
Osaka
67%
Aomori
65%
Ehime
63%
Iwate
63%
Nagasaki
63%
Yamagata
63%
Aichi
61%
Gifu
61%
Hiroshima
61%
Hyogo
61%
Akita
59%
Ibaraki
59%
Mie
59%
Miyazaki
59%
Tochigi
59%
Gunma
57%
Kanagawa
57%
Miyagi
57%
Saga
57%
Fukuoka
54%
Ishikawa
54%
Nagano
54%
Niigata
54%
Shizuoka
54%
Tottori
54%
Toyama
54%
Wakayama
54%
Kagawa
52%
Kagoshima
52%
Kochi
52%
Nara
52%
Oita
52%
Okayama
52%
Kumamoto
50%
Shiga
50%
Tokushima
50%
Yamanashi
50%
Fukui
48%
Shimane
48%
Yamaguchi
48%
Aucun quiz correspondant
Distribution des résultats
% des personnes avec chaque résultat
Percentile par nombre de réponses
Votre historique - résultats
Vous n’avez pas pris ce quiz